Italian Language Bedroom Items - Statistics

General Stats
  • This quiz has been taken 101 times
    53 since last reset
  • The average score is 7 of 15
Answer Stats
Hint Answer % Correct
bed letto
88%
mirror specchio
88%
to sleep dormire
75%
mattress materasso
75%
wardrobe guardaroba
50%
dresser cassettiera/armadietto
38%
blanket coperta/coltre
38%
pillow cuscino
38%
pillow case federa
38%
sheet lenzuolo
38%
storage box scatola di immagazzinaggio
38%
alarm clock sveglia
38%
hanger appendiabiti
25%
night stand/table comodino
25%
closet ripostiglio/armadio a muro
13%
No matching quizzes found
Score Distribution
Percent of People with Each Score
Percentile by Number Answered
Your Score History
You have not taken this quiz since the last reset